| 000 | 00435nam a2200169Ia 4500 | ||
|---|---|---|---|
| 005 | 20250326130135.0 | ||
| 008 | 250326s9999 xx 000 0 und d | ||
| 037 | _aTextbook | ||
| 040 |
_aFMSL _beng _cFMSL |
||
| 041 |
_aeng _2eng |
||
| 084 |
_a.44 L6 _qFMSL |
||
| 245 | 0 | _aCensus of India | |
| 260 |
_aRajasthan _bRajasthan, Cesus Operation _c1976 |
||
| 300 | _a576p | ||
| 942 |
_cTB _h.44 L6 |
||
| 999 |
_c1281118 _d1281118 |
||